000 00470nam a2200133Ia 4500
005 20260209120137.0
008 260209s9999||||xx |||||||||||||| ||und||
100 _aPankhuri Agrawal
245 0 _aPublic-private partnership in sports : a critical analysis
260 _aBangaloreBangalore
_bNLSIU
_c2016
300 _a91 p. ; 25 cm.
700 _aProf. (Dr.) V Vijayakumar - GuideProf. (Dr.) V Vijayakumar - Guide
856 _uhttps://dans.nls.ac.in/handle/123456789/1665
999 _c217274
_d217274